|
|
|
|
| LEADER |
01023nam a2200241 a 4500 |
| 001 |
419768 |
| 008 |
091011s1979 enka b 000 0 eng d |
| 010 |
|
|
|a 80482798
|
| 020 |
|
|
|a 0905762525 (pbk.)
|
| 040 |
|
|
|a DLC
|c DLC
|d DLC
|
| 082 |
0 |
0 |
|a 338.9
|2 19
|
| 100 |
1 |
|
|a Heatley, Rachel.
|
| 245 |
1 |
0 |
|a Poverty & power :
|b the case for a political approach to development and its implications for action in the West /
|c Rachel Heatley.
|
| 260 |
|
|
|a London :
|b Zed Press in association with Returned Volunteer Action,
|c 1979.
|
| 300 |
|
|
|a 93 p. :
|b ill. ;
|c 22 cm.
|
| 504 |
|
|
|a Includes bibliographical references.
|
| 541 |
1 |
|
|e 00000743
|
| 650 |
|
0 |
|a Technical assistance, British.
|
| 650 |
|
0 |
|a Voluntarism
|x Political aspects
|z Great Britain.
|
| 650 |
|
0 |
|a Power (Social sciences)
|
| 852 |
4 |
|
|a Ayesha Abed Library
|j General shelf
|
| 999 |
|
|
|c 4641
|d 4641
|
| 952 |
|
|
|0 0
|1 0
|2 ddc
|4 0
|6 338_900000000000000_HEA_1979
|7 0
|9 4426
|a BRACUL
|b BRACUL
|c GEN
|d 2009-10-18
|g 336.00
|l 1
|m 9
|o 338.9 HEA
|p 3010000743
|r 2024-09-28
|s 2024-06-23
|t 1
|v 672.00
|w 2009-10-18
|y BK
|